000 00417nam a22001457a 4500
020 _qPB.
040 _cFIZZA ISHAQ
082 _a907.2
_bGIL
100 _a Gilderhus , Mark T.
_9134217
245 _aHistory and Historians: A Historiographical Introduction /
_c Mark T. Gilderhus.
250 _a2nd ED.
260 _aNew Jersey:
_bPrentice-Hall,
_c1992.
300 _a132 P. ;
_c 14 x 1 x 20.3 cm
942 _2ddc
_cBK
999 _c617190
_d617190